000 00534nam a2200169Ia 4500
005 20250508160111.0
008 008 250505s9999 xx 000 0 hin d
037 _aBooks to be hide in OPAC
040 _aFEDL
_beng
_cFEDL
041 _ahin
_2hin
084 _a491.438, NCE/O
_qFEDL
245 0 _aAao padhe aur seekhe: Meri chowthi pushtak
260 _aNew Delhi, India
_bNational Council of Educational Research and Training
300 _aviii,212p.
942 _cHB
_h491.438, NCE/O
999 _c1361714
_d1361714